[Event "ROM-ch U12 Girls"]
[Site "Calimanesti Caciulata"]
[Date "2016.04.24"]
[Round "8"]
[White "Bocanici, Daria Maria"]
[Black "Braga, Anastasia Gabriela"]
[Result "1/2-1/2"]
[WhiteElo "1001"]
[BlackElo "1001"]
[PlyCount "90"]
[EventDate "2016.04.18"]
[EventType "swiss"]
[EventRounds "9"]
[EventCountry "ROU"]
[SourceTitle "EXT 2017"]
[Source "ChessBase"]
[SourceDate "2016.10.25"]
[SourceVersion "1"]
[SourceVersionDate "2016.10.25"]
[SourceQuality "1"]

1. d4 d5 2. Nf3 Nc6 3. Bf4 Bf5 4. e3 a6 5. Bd3 Bxd3 6. Qxd3 g6 7. Nbd2 Nf6 8. c3 Bg7 9. e4 e6 10. e5 Ne4 11. Nxe4 dxe4 12. Qxe4 0-0 13. 0-0-0 Qd5 14. Qxd5 exd5 15. Rhe1 Rae8 16. b4 b6 17. a4 b5 18. axb5 axb5 19. Re2 Ra8 20. e6 Ra1+ 21. Kc2 Ra2+ 22. Kd3 Ra3 23. Rb1 Bf6 24. Bxc7 Ra7 25. Be5 Be7 26. exf7+ Rxf7 27. Nd2 Ra2 28. Nb3 Rxe2 29. Kxe2 Bf6 30. Bxf6 Rxf6 31. f3 Re6+ 32. Kf2 Ne7 33. Re1 Rxe1 34. Kxe1 Nf5 35. g4 Ne3 36. h3 Ng2+ 37. Kf2 Nf4 38. h4 Nh3+ 39. Kg3 Ng1 40. Kf2 Nh3+ 41. Ke3 h5 42. gxh5 gxh5 43. f4 Kf7 44. Nd2 Kf6 45. Nf1 Kf5 1/2-1/2

[Event "ROM-ch U12 Girls"]
[Site "Calimanesti Caciulata"]
[Date "2016.04.23"]
[Round "7"]
[White "Mocanu, Ruxandra Ioana"]
[Black "Bocanici, Daria Maria"]
[Result "1-0"]
[WhiteElo "1167"]
[BlackElo "1001"]
[PlyCount "83"]
[EventDate "2016.04.18"]
[EventType "swiss"]
[EventRounds "9"]
[EventCountry "ROU"]
[SourceTitle "CBM 172 Extra"]
[Source "ChessBase"]
[SourceDate "2016.06.21"]
[SourceVersion "1"]
[SourceVersionDate "2016.06.21"]
[SourceQuality "1"]

1. d4 Nf6 2. Nc3 c5 3. dxc5 e6 4. Bf4 Bxc5 5. a3 Nc6 6. e3 e5 7. Bg5 d6 8. Nd5 Bf5 9. Bd3 Bxd3 10. cxd3 h6 11. Bxf6 gxf6 12. e4 Rg8 13. g3 Rg6 14. Nf3 h5 15. Qb3 Qa5+ 16. Qc3 Qxc3+ 17. Nxc3 0-0-0 18. Rf1 Nd4 19. Nxd4 Bxd4 20. Rc1 Bxc3+ 21. Rxc3+ Kb8 22. Kd2 Rc8 23. Rxc8+ Kxc8 24. Rc1+ Kd7 25. b4 Rg8 26. a4 Rc8 27. Rxc8 Kxc8 28. Kc3 Kc7 29. Kc4 Kb6 30. f3 a5 31. h4 axb4 32. Kxb4 Kc6 33. g4 hxg4 34. fxg4 d5 35. h5 dxe4 36. dxe4 Kd6 37. h6 f5 38. gxf5 f6 39. h7 Ke7 40. h8Q b6 41. Qg7+ Kd8 42. Qxf6+ 1-0

[Event "ROM-ch U12 Girls"]
[Site "Calimanesti Caciulata"]
[Date "2016.04.21"]
[Round "4"]
[White "Sarga, Larisa Maria"]
[Black "Bocanici, Daria Maria"]
[Result "1-0"]
[WhiteElo "1226"]
[BlackElo "1001"]
[PlyCount "107"]
[EventDate "2016.04.18"]
[EventType "swiss"]
[EventRounds "9"]
[EventCountry "ROU"]
[SourceTitle "CBM 172 Extra"]
[Source "ChessBase"]
[SourceDate "2016.06.21"]
[SourceVersion "1"]
[SourceVersionDate "2016.06.21"]
[SourceQuality "1"]

1. d4 d5 2. c4 c6 3. Nc3 Nf6 4. Nf3 Bf5 5. Bf4 dxc4 6. e3 e6 7. Bxc4 Bd6 8. Bxd6 Qxd6 9. 0-0 0-0 10. Bd3 Bxd3 11. Qxd3 c5 12. Rfd1 Nc6 13. a3 Rfd8 14. Ne2 e5 15. Qc4 Na5 16. Qxc5 b6 17. Qxe5 Qxe5 18. dxe5 Rxd1+ 19. Rxd1 Ne4 20. h3 h6 21. b4 Nb7 22. Rd4 Ng5 23. Nxg5 hxg5 24. f4 gxf4 25. exf4 a5 26. bxa5 Rxa5 27. a4 Nc5 28. Nc3 Nb3 29. Rb4 Nc5 30. Rxb6 Nxa4 31. Nxa4 Rxa4 32. g3 Ra3 33. Kg2 Ra2+ 34. Kf3 Ra3+ 35. Kg4 g6 36. h4 f5+ 37. exf6 Ra1 38. Rb7 Ra8 39. Rg7+ Kf8 40. Rxg6 Kf7 41. h5 Rh8 42. Kg5 Kf8 43. Rg7 Ke8 44. Kg6 Kf8 45. f7 Ke7 46. Rg8 Rxh5 47. f8Q+ Ke6 48. Kxh5 Kd5 49. Qb4 Ke6 50. Qc5 Kf7 51. Qb6 Ke7 52. Rg7+ Kf8 53. Rc7 Kg8 54. Qb8# 1-0

[Event "ROM-ch U12 Girls"]
[Site "Calimanesti Caciulata"]
[Date "2016.04.20"]
[Round "3"]
[White "Bocanici, Daria Maria"]
[Black "Popa, Andra Maria"]
[Result "0-1"]
[WhiteElo "1001"]
[BlackElo "1264"]
[PlyCount "88"]
[EventDate "2016.04.18"]
[EventType "swiss"]
[EventRounds "9"]
[EventCountry "ROU"]
[SourceTitle "CBM 172 Extra"]
[Source "ChessBase"]
[SourceDate "2016.06.21"]
[SourceVersion "1"]
[SourceVersionDate "2016.06.21"]
[SourceQuality "1"]

1. d4 e6 2. e4 d5 3. exd5 exd5 4. c4 c6 5. Nc3 Nf6 6. Nf3 Bb4 7. Qe2+ Qe7 8. Qxe7+ Bxe7 9. a3 0-0 10. Bd3 dxc4 11. Bxc4 b5 12. Bd3 Be6 13. b4 Nbd7 14. 0-0 Nd5 15. Nxd5 Bxd5 16. Ne5 Nxe5 17. dxe5 Rfe8 18. Bf4 Rad8 19. Rad1 a6 20. Bg3 Rd7 21. f3 Red8 22. Rfe1 Bb3 23. Rd2 Rxd3 24. Rxd3 Rxd3 25. Rc1 Rd1+ 26. Rxd1 Bxd1 27. Bf2 f6 28. f4 Kf7 29. Kf1 fxe5 30. fxe5 Ke6 31. Bg3 c5 32. Be1 Bb3 33. bxc5 Bxc5 34. Ke2 Bd5 35. h4 Bxg2 36. Kd2 Bxa3 37. Kc2 Be7 38. h5 Bf3 39. Kc3 Bxh5 40. Kd4 b4 41. Kc4 a5 42. Kb5 b3 43. Bxa5 b2 44. Bd2 b1Q+ 0-1

[Event "ROM-ch U12 Girls"]
[Site "Calimanesti Caciulata"]
[Date "2016.04.18"]
[Round "1"]
[White "Mirza, Hana Carmina"]
[Black "Bocanici, Daria Maria"]
[Result "1-0"]
[WhiteElo "1274"]
[BlackElo "1001"]
[PlyCount "115"]
[EventDate "2016.04.18"]
[EventType "swiss"]
[EventRounds "9"]
[EventCountry "ROU"]
[SourceTitle "CBM 172 Extra"]
[Source "ChessBase"]
[SourceDate "2016.06.21"]
[SourceVersion "1"]
[SourceVersionDate "2016.06.21"]
[SourceQuality "1"]

1. e4 e5 2. Nf3 Nf6 3. Bc4 Bc5 4. Nc3 d6 5. d3 h6 6. Be3 Bb6 7. d4 exd4 8. Nxd4 c5 9. Ndb5 0-0 10. Nxd6 Be6 11. Bxe6 fxe6 12. Nc4 Qxd1+ 13. Rxd1 Nc6 14. 0-0 Nb4 15. Rd2 Rac8 16. a3 Na6 17. f3 Bc7 18. Rfd1 Rfd8 19. e5 Ne8 20. a4 Rxd2 21. Rxd2 g5 22. Ne4 b6 23. Rd7 Nb4 24. c3 Nd5 25. Kf2 Ng7 26. g4 a6 27. Ncd6 Bxd6 28. Rxd6 Rb8 29. c4 Nb4 30. Nf6+ Kf7 31. Rd7+ Kg6 32. Bd2 Nc6 33. Bc3 b5 34. axb5 axb5 35. cxb5 Rxb5 36. Kg3 c4 37. f4 gxf4+ 38. Kxf4 h5 39. gxh5+ Nxh5+ 40. Nxh5 Kxh5 41. h4 Kg6 42. Rd6 Nb4 43. Rxe6+ Kf7 44. Rf6+ Ke7 45. Bxb4+ Rxb4 46. Kg5 Rxb2 47. Rc6 Rc2 48. h5 c3 49. Kh6 Kd7 50. Rc5 Ke6 51. Kh7 Rc1 52. h6 Kf7 53. Kh8 c2 54. Rc6 Re1 55. Rxc2 Rxe5 56. Rc7+ Re7 57. Rxe7+ Kxe7 58. Kg7 1-0

[Event "ROM-ch U10 Girls"]
[Site "Calimanesti"]
[Date "2015.04.04"]
[Round "7"]
[White "Tocu, Delia Georgiana"]
[Black "Bocanici, Daria Maria"]
[Result "1-0"]
[WhiteElo "1049"]
[BlackElo "1001"]
[PlyCount "39"]
[EventDate "2015.03.30"]
[EventType "swiss"]
[EventRounds "9"]
[EventCountry "ROU"]
[SourceTitle "CBM 165 Extra"]
[Source "ChessBase"]
[SourceDate "2015.04.21"]
[SourceVersion "1"]
[SourceVersionDate "2015.04.21"]
[SourceQuality "1"]

1. e4 e5 2. Bc4 Nf6 3. d3 Nc6 4. Nf3 Bc5 5. c3 0-0 6. Bg5 d6 7. d4 exd4 8. cxd4 Bb4+ 9. Nc3 Bg4 10. d5 Ne5 11. Be2 h6 12. Bh4 Ned7 13. 0-0 Qe8 14. Nd2 Ne5 15. Bxf6 gxf6 16. Bxg4 Nxg4 17. Qxg4+ Kh8 18. Rfe1 Rg8 19. Qh5 Qe7 20. Qxh6# 1-0